| 000 | 01357nas a2200253 4500 | ||
|---|---|---|---|
| 999 |
_c64125 _d64125 |
||
| 001 | 768714001 | ||
| 003 | CO-MdFUSB | ||
| 005 | 20190202100524.0 | ||
| 008 | 171116s2017 ck ||||| |||| 00| 0 spa d | ||
| 022 | _a0120-3649 | ||
| 040 |
_aCO-MdFUSB _bspa _cCO-MdFUSB _dCO-MdFUSB |
||
| 041 | _aspa | ||
| 100 |
_aMerino Beas, Patricio _eautor |
||
| 245 |
_aEl diálogo ecuménico animado desde el Celam _c/ Patricio Merino Beas |
||
| 300 |
_aVolumen 67. Número 184 (2017), páginas 387-410 _c: 24 cm. |
||
| 520 | 1 | _a Este escrito es fruto de una investigación documental y bibliográfica realizada en el archivo general del Consejo Episcopal Latinoamericano, Celam. Se centra en el aporte que, en sus sesenta años de historia, este ha realizado en el ámbito del diálogo ecuménico. Muestra a las personas involucradas en el proceso, los aportes de las asambleas generales del episcopado, los principales énfasis teológicos y de pastoral ecuménica; y destaca la evolución de los conceptos, el influjo de la eclesiología de comunión y del discipulado misionero. | |
| 650 | 0 |
_aTeología práctica _9180 |
|
| 653 | _aDialogo ecuménico | ||
| 653 | _aComunión | ||
| 653 | _aColegialidad | ||
| 653 | _aPastoral ecuménica | ||
| 773 |
_049424 _976244 _gVolumen 67. Número 184 (2017), páginas 387-410 _qPágina 410 _tTheologica Xaveriana |
||
| 942 | _cANA | ||